000 01038nam a2200277 a 4500
001 000002335
005 20200929150203.0
008 090701s1992 sp abc 001 0 spa d
020 _a8486168716
040 _aDO-SdBNP
_bspa
_cBNPHU
082 _axxxx
_bL486e
245 0 0 _aLeer y escribir en España :
_bdoscientos años de alfabetización /
_cdirección Agustín Escolano ; colaboradores R. F. Arnove... [et.al.].
260 _aMadrid, España :
_bFundación Germán Sánchez Ruipérez ; Pirámide,
_c1992.
300 _a418 p. :
_bil., map., retrs. ;
_c26 cm.
490 1 _aBiblioteca del libro
500 _aIncluye índice
500 _aIncluye referencias bibliográficas y notas al pie de las páginas
651 4 _aEspaña
_xAlfabetización
_xHistoria
_97423
700 1 _aMartínez, B. Bartolomé
_97424
700 1 _aDávila, P.
_97425
700 1 _aEizagirre, A.
_97426
700 1 _aEscolano, A.
_97427
700 1 _aGabriel, N. de
_97428
700 1 _aGonzález Agápito, J.
_97429
830 0 _aBiblioteca del libro
_97397
999 _c2180
_d2180